DESARROLLO DE PROTOTIPO PARA LA SISTEMATIZACIÓN DEL PROCESO DE GESTIÓN DE LICENCIAS DE CONSTRUCCIÓN PARA LA MUNICIPALIDAD DE COBÁN, ALTA VERAPAZ/ (Registro nro. 2214)

Detalles MARC
000 -LEADER
campo de control de longitud fija 03332nam a22003257a 4500
001 - NÚMERO DE CONTROL
campo de control TICS 006
003 - IDENTIFICADOR DE NÚMERO DE CONTROL
campo de control gtcocun
005 - FECHA Y HORA DE LA ÚLTIMA TRANSACCIÓN
campo de control 20251003155211.0
006 - CÓDIGOS DE INFORMACIÓN DE LONGITUD FIJA--CARACTERÍSTICAS DEL MATERIAL ADICIONAL
campo de control de longitud fija a||||gr|||| 00| 0
007 - CAMPO FIJO DE DESCRIPCIÓN FÍSICA--INFORMACIÓN GENERAL
campo de control de longitud fija ta
008 - DATOS DE LONGITUD FIJA--INFORMACIÓN GENERAL
campo de control de longitud fija 251003b2023 gt ||||| m||| 00| 0 eng d
040 ## - FUENTE DE CATALOGACIÓN
Centro catalogador/agencia de origen gtcocun
Lengua de catalogación SPA
Centro/agencia transcriptor gtcocun
Normas de descripción RDA
041 ## - CÓDIGO DE IDIOMA
Código de lengua del texto/banda sonora o título independiente SPA TICS 006
084 ## - OTRO NÚMERO DE CLASIFICACIÓN
Número de control del registro de autoridad o número normalizado TICS 006
100 ## - ENTRADA PRINCIPAL--NOMBRE DE PERSONA
Nombre de persona Requena Ligorria, Luis Flavio
Término indicativo de función/relación Autor
245 ## - MENCIÓN DEL TÍTULO
Título DESARROLLO DE PROTOTIPO PARA LA SISTEMATIZACIÓN DEL PROCESO DE GESTIÓN DE LICENCIAS DE CONSTRUCCIÓN PARA LA MUNICIPALIDAD DE COBÁN, ALTA VERAPAZ/
Mención de responsabilidad, etc. Luis Flavio Requena Ligorria.
Medio Impreso
264 ## - PRODUCCIÓN, PUBLICACIÓN, DISTRIBUCIÓN, FABRICACIÓN Y COPYRIGHT
Producción, publicación, distribución, fabricación y copyright Cobán, Alta Verapaz:
Nombre del de productor, editor, distribuidor, fabricante Universidad de San Carlos de Guatemala, Centro Universitario del Norte, Carrera Ingeniería en Ciencias y Sistemas
Fecha de producción, publicación, distribución, fabricación o copyright 2023
300 ## - DESCRIPCIÓN FÍSICA
Extensión 273 p.:
Otras características físicas Ilustraciones, gráficas.
Dimensiones 28 cm;
336 ## - TIPO DE CONTENIDO
Fuente rdacontenido
Término de tipo de contenido Texto
Código de tipo de contenido txt
337 ## - TIPO DE MEDIO
Fuente rdamedio
Nombre/término del tipo de medio Computadora
Código del tipo de medio n
338 ## - TIPO DE SOPORTE
Fuente rdasoporte
Nombre/término del tipo de soporte Código en línea
Código del tipo de soporte cr
502 ## - NOTA DE TESIS
identificador de la tesis TICS 006
502 ## - NOTA DE TESIS
Nota de tesis Tesis de grado
Tipo de título Carrera Ingeniería en Ciencias y Sistemas,
Nombre de la institución que otorga el título Universidad de San Carlos de Guatemala, Centro Universitario del Norte, Carrera Ingeniería en Ciencias y Sistemas
Año de obtención del título 2023
Identificador de la tesis TICS 006
520 14 - RESUMEN, ETC.
Sumario, etc. <br/>La actual gestión de licencias de construcción en la municipalidad de Cobán, Alta Verapaz, sigue un procedimiento tradicional arraigado en métodos manuales, una práctica que hoy en día, se muestra ineficaz y costosa. Este enfoque depende en gran medida de documentos físicos y la intervención de terceros, lo que conlleva una pérdida significativa de tiempo y recursos. El proyecto busca transformar este proceso mediante la creación de un prototipo que sistematice estas operaciones, lo cual apunta a una gestión más ágil y productiva.<br/><br/>La metodología se apoya en la construcción de un modelo robusto, con el uso de tecnologías innovadoras como Java Spring Boot, Angular y PostgreSQL, sustentadas por una arquitectura de tres capas. Esto no solo garantiza un funcionamiento eficiente, sino que también prepara el camino para futuras expansiones y mejoras.<br/><br/>El desarrollo del prototipo representa un hito al materializar la visión de una gestión optimizada y eficiente. Introduce tecnologías modernas y adopta metodologías ágiles, lo cual da como resultado una experiencia fluida y accesible para los usuarios.<br/><br/>Los resultados de las pruebas rigurosas respaldan la efectividad del sistema. La disponibilidad de reportes en tiempo real y la digitalización de procesos contribuyen a una toma de decisiones más informada y ágil. Por último, el proyecto no solo aborda la problemática de la gestión de licencias de construcción, sino que también establece un valioso precedente para la modernización municipal. La integración de tecnología no solo impulsa la eficiencia, sino que también fija un estándar para futuras iniciativas de modernización en el ámbito municipal.
650 ## - PUNTO DE ACCESO ADICIONAL DE MATERIA--TÉRMINO DE MATERIA
Fuente del encabezamiento o término LEMB
Término de materia o nombre geográfico como elemento de entrada Cobán, Alta Verapaz
Subdivisión general Ingeniería en Ciencias y Sistemas
-- Licencias
-- Construcción
-- Sistematización
-- Desarrollo
-- Eficiencia
-- Optimización
700 ## - ENTRADA AGREGADA--NOMBRE PERSONAL
Nombre de persona Luis Favio Requena Ligorria
Término indicativo de función/relación Asesor
856 ## - LOCALIZACIÓN Y ACCESO ELECTRÓNICOS
Identificador Uniforme de Recurso <a href="https://drive.google.com/file/d/1xT4zTdPyZJDI__d4sI3x0OFHFYHvVMNE/view">https://drive.google.com/file/d/1xT4zTdPyZJDI__d4sI3x0OFHFYHvVMNE/view</a>
Texto de enlace PDF
Nota pública Un ejemplar en línea.
942 ## - ELEMENTOS DE ENTRADA SECUNDARIOS (KOHA)
Fuente de la clasificación o esquema de estantería Clasificación Decimal Dewey
Tipo de ítem Koha TESIS
Parte de la signatura que identifica el ejemplar (Parte del ítem) TICS 006
Prefijo de la signatura Clasificación
Suprimir en OPAC No
-- TICS_006_000000000000000
Existencias
Estatus retirado Estado de pérdida Fuente de la clasificación o esquema de estantería Estado de daño No para préstamo Colección Biblioteca de origen Biblioteca actual Ubicación en estantería Fecha de adquisición Número de inventario Total de préstamos Signatura topográfica completa Código de barras Visto por última vez Precio de reemplazo Tipo de ítem Koha
    Clasificación Decimal Dewey     tesis BIBLIOTECA- CUNOR -JOSÉ LUIS GONZALES ROSALES BIBLIOTECA- CUNOR -JOSÉ LUIS GONZALES ROSALES Colección tesis 03/10/2025 TICS 006   TICS 006 TICS 006 03/10/2025 03/10/2025 TESIS